| 000 | 00356pab a2200145 454500 | ||
|---|---|---|---|
| 008 | 180718b1996 xxu||||| |||| 00| 0 eng d | ||
| 100 | _aChandra, Jai Shree | ||
| 245 | _aGadoliya Lohar: nomadism ethnicity and identity | ||
| 260 | _c1996 | ||
| 300 | _ap.105-08 | ||
| 362 | _aJul-Dec | ||
| 650 | _aEthnic groups | ||
| 773 | _aPrashasnika | ||
| 909 | _a35503 | ||
| 999 |
_c35503 _d35503 |
||